<?xml version="1.0" encoding="UTF-8"?>
<record
    xmlns:xsi="http://www.w3.org/2001/XMLSchema-instance"
    xsi:schemaLocation="http://www.loc.gov/MARC21/slim http://www.loc.gov/standards/marcxml/schema/MARC21slim.xsd"
    xmlns="http://www.loc.gov/MARC21/slim">

  <leader>02282nam a22001937a 4500</leader>
  <controlfield tag="003">OSt</controlfield>
  <controlfield tag="005">20240408083908.0</controlfield>
  <controlfield tag="008">230628b2014    ag ||||| |||| 00| 0 spa d</controlfield>
  <datafield tag="020" ind1=" " ind2=" ">
    <subfield code="a">9788416142200</subfield>
  </datafield>
  <datafield tag="040" ind1=" " ind2=" ">
    <subfield code="b">spa</subfield>
    <subfield code="c">besoc</subfield>
  </datafield>
  <datafield tag="100" ind1="1" ind2=" ">
    <subfield code="a">Kemp, Martin</subfield>
    <subfield code="d">1942-</subfield>
    <subfield code="e">autor</subfield>
  </datafield>
  <datafield tag="245" ind1="1" ind2="3">
    <subfield code="a">El arte en la historia :</subfield>
    <subfield code="b">600 a.c - 2000 d.c /</subfield>
    <subfield code="c">Martin Kemp</subfield>
  </datafield>
  <datafield tag="260" ind1=" " ind2=" ">
    <subfield code="a">Madrid :</subfield>
    <subfield code="b">Turner,</subfield>
    <subfield code="c">2015</subfield>
  </datafield>
  <datafield tag="300" ind1=" " ind2=" ">
    <subfield code="a">259 p.</subfield>
  </datafield>
  <datafield tag="505" ind1="0" ind2=" ">
    <subfield code="a">Introducci&#xF3;n: El arte en la historia -- El progreso del arte en Grecia y Roma -- Im&#xE1;genes esculpidas -- A vueltas con el Renacimiento y el progreso: 1300-1600 -- Academias y alternativas -- Entendidos y cr&#xED;ticos -- Rom&#xE1;nticamente real -- La vida moderna: la dimensi&#xF3;n francesa -- Nuevos extremos -- Algo diferente -- Conclusi&#xF3;n.-</subfield>
  </datafield>
  <datafield tag="520" ind1=" " ind2=" ">
    <subfield code="a">Habr&#xE1; quien ni siquiera pesta&#xF1;ee ante la Gioconda pero se sienta profundamente conmovido ante una caja de jab&#xF3;n Brillo, al menos en el debido contexto. Solo con mirarla, una pintura de Rafael, de Rembrandt o de Rubens puede interpelarnos directamente, pero tambi&#xE9;n es posible que no nos diga nada. Esa pintura, sin embargo, es un documento hist&#xF3;rico, y cuando contemplamos las obras a trav&#xE9;s de la historia, cuando sabemos qu&#xE9; intentaban decir los artistas, a qui&#xE9;n y por qu&#xE9;, nuestra experiencia, eso que llamamos experiencia est&#xE9;tica, se enriquece.
Cuando Martin Kemp &#x2013;uno de los mayores expertos mundiales en la obra de Leonardo da Vinci, el arte renacentista y la relaci&#xF3;n entre ciencia y arte&#x2013; nos cuenta c&#xF3;mo una cosa ha llevado a la otra, c&#xF3;mo una obra, queriendo o no, cita a las que han venido antes o abre el camino a lo que vendr&#xE1; despu&#xE9;s, aquello que tal vez nos parec&#xED;a aburrido acaba fascin&#xE1;ndonos.
El arte en la historia es una gu&#xED;a indispensable &#x2013;y, naturalmente, ilustrada&#x2013; por la evoluci&#xF3;n de lo que llamamos arte (y una explicaci&#xF3;n de c&#xF3;mo hemos acabado llam&#xE1;ndolo as&#xED;), desde las obras de la Antig&#xFC;edad cl&#xE1;sica hasta las revolucionarias t&#xE9;cnicas del Renacimiento, desde los maestros del siglo xvii hasta la vanguardias del siglo xx, de Leonardo a Miguel &#xE1;ngel, de Vermeer a Vel&#xE1;zquez, de Picasso a la cama de Tracey Emin. Martin Kemp ense&#xF1;a, hace pensar y entretiene. [Nota del editor]</subfield>
  </datafield>
  <datafield tag="651" ind1=" " ind2="4">
    <subfield code="a">Argentina</subfield>
    <subfield code="x">Museos</subfield>
    <subfield code="x">Arte contempor&#xE1;neo</subfield>
  </datafield>
  <datafield tag="942" ind1=" " ind2=" ">
    <subfield code="2">udc</subfield>
    <subfield code="c">LPD</subfield>
    <subfield code="n">0</subfield>
  </datafield>
  <datafield tag="999" ind1=" " ind2=" ">
    <subfield code="c">59</subfield>
    <subfield code="d">59</subfield>
  </datafield>
  <datafield tag="952" ind1=" " ind2=" ">
    <subfield code="0">0</subfield>
    <subfield code="1">0</subfield>
    <subfield code="2">udc</subfield>
    <subfield code="4">0</subfield>
    <subfield code="7">0</subfield>
    <subfield code="8">CG</subfield>
    <subfield code="a">ESOCIALES</subfield>
    <subfield code="b">ESOCIALES</subfield>
    <subfield code="d">2023-09-04</subfield>
    <subfield code="l">1</subfield>
    <subfield code="o">7.03 K32</subfield>
    <subfield code="p">000786</subfield>
    <subfield code="q">2026-03-17</subfield>
    <subfield code="r">2026-03-03 09:54:43</subfield>
    <subfield code="s">2026-03-03</subfield>
    <subfield code="w">2023-09-04</subfield>
    <subfield code="y">LPD</subfield>
  </datafield>
</record>
